000 00651nam a2200253Ia 4500
003 OSt
005 20221006143014.0
006 a|||||r|||| 00| 0
007 ta
008 221006b |||||||| |||| 00| 0 eng d
020 _c
_7.95
024 _a7,773
037 _cTextual
040 _aEASL
_cEASL
_beng
041 _2eng
_aeng
082 _aY31:1.42S.N7, L8
100 _aDORE Ronald
245 0 _aShinohata
_b A portrait of a Japanese villiage
260 _aLondon
_bAllen Lane
_c1978
300 _a322p.
_ccm.
490 _v JEL
942 _hY31:1.42S.N7, L8
_cTEXL
_2CC
999 _c1075859
_d1075859